000 00558nam a2200217Ia 4500
003 OSt
005 20230424104907.0
008 210423s2007 xx 000 0 und d
020 _a8171796677
040 _cAL
041 _aeng
082 _a574.192028 NAYS
100 _aNAYAK B (Shivananda).
_991907
245 _aManipal manual of clinical biochemistry.
260 _aNew Delhi
_bJaypee Brothers
_c2007
300 _aviii,162
_bPB
365 _b125
_cINR
650 _aBiochemistry
_991908
906 _abiochemistry ; clinical
942 _2ddc
_cBK
999 _c162530
_d162530